| 000 | 00491nam a2200145Ia 4500 | ||
|---|---|---|---|
| 008 | 170221s9999 xx 000 0 und d | ||
| 100 | _aGeorge R. Wilson | ||
| 245 | 4 | _aThe effect of real earnings management on the information content of earnings | |
| 245 | _cGeorge R. Wilson, Northern Michigan University. | ||
| 260 | _bJournal of Management and Marketing Research | ||
| 260 | _c2012 | ||
| 300 | _a10 : 3 | ||
| 650 | _xBusiness | ||
| 856 | _uhttp://www.aabri.com/manuscripts/152160.pdf | ||
| 999 |
_c311689 _d311689 |
||